00426nam a2200145Ia 4500008004100000041000900041082001500050100001700065245002900082260004400111300000800155650000800163999001700171952009200188230718s9999 xx 000 0 und d aEng. a657bPRO-S aProfessional 0aStrategic financial May  aPakistanbProfessional Education c2005 a532 aLaw c27195d27195 00104070aSIRC-LbSIRC-Ld2023-07-18l0o657 PRO-Sp22147r2023-07-18w2023-07-18yBK